| 000 | 01223nam a2200289Ia 4500 | ||
|---|---|---|---|
| 999 |
_c65250 _d65250 |
||
| 005 | 20240530110815.0 | ||
| 008 | 140319s2008 au a f b 000 0 ara d | ||
| 017 |
_a2008/19856 _bمصر. دار الكتب |
||
| 020 | _a9774379976 | ||
| 040 |
_aGCL / _cGCL |
||
| 082 | 0 | 4 |
_221 _a792.09561 / _bأ ج |
| 100 | 1 | _aاند ، متين | |
| 245 | 1 | 0 |
_aجذور المسرح التركى / _cتأليف متين اند ، غزدمير نوتكو ، ميلفوت غزهان ؛ ترجمة وتقديم امير نبيه ، عبدالرحمن حجازى ؛ مراجعة هانى مطاوع |
| 250 | _aط.1 | ||
| 260 |
_aالقاهرة : _bوزارة الثقافة : مهرجان القاهرة الدولى للمسرح التجريبى، _c2008 . |
||
| 300 |
_a327 ص. : _bايض. ؛ _c24 سم. |
||
| 650 | 0 | 7 |
_aالمسرح _2qrmak |
| 650 | 0 | 7 |
_aالسينما _2qrmak |
| 650 | 0 | 7 |
_aالتمثيل _2qrmak |
| 650 | 0 | 7 |
_aالمسرح _xتاريخ ونقد _2qrmak |
| 651 | _2qrmak | ||
| 700 | 0 |
_aعبدالرحمن حجازى _eمترجم _eمقدم |
|
| 700 | 0 |
_aامير نبيه _eمترجم _eمقدم |
|
| 700 | 0 |
_aهانى مطاوع _eمراجع |
|
| 942 |
_2ddc _cBK |
||